00377nam a2200157Ia 45000010006000000050017000060080041000230410008000640820016000721000027000882450047001152600009001623000032001716500008002036540008002111351520260306164806.0260306t2017||||xx |||||||||||||| ||spa|| aESP a004.6bG314 aGajjar, Manish J.eAUT 0aMobile sensors and context-aware computing c2017 axv, 340 páginas :c23 cm. aGEN aCCC